Mega-Sorting Gallery: Geography Quiz Stats

 Plays Quiz Updated Mar 28, 2019

Score 0/100 Timer 10:00
4 Plays Today
% Correct
Nile
92.7%
England
92.6%
Wales
92.5%
Scotland
92.5%
Northern Ireland
91.4%
Superior
89.5%
Cape Town
89.2%
Erie
88.7%
Amazon
88.4%
Atlanta
88.3%
Everest
87.9%
Michigan
87.6%
Kilimanjaro
87.4%
Augusta
86.7%
Canberra
85.5%
Central African Republic
85.1%
Alabama
85.1%
Uganda
85%
Brisbane
84.9%
Rwanda
84.4%
Republic of the Congo
84.3%
Sydney
84.2%
Huron
84%
Kentucky
83.9%
Mississippi
83.7%
Adelaide
83.5%
Vatican City
83.4%
Zambia
83.4%
Arkansas
83.3%
Melbourne
83.3%
Tanzania
83.2%
Ontario
83.1%
Missouri
83%
Atlantic
82.2%
% Correct
North Carolina
82.1%
Perth
82%
Pacific
81.7%
Georgia
81.7%
Virginia
81.6%
Arctic
81.5%
Pretoria
81.4%
South Sudan
81.4%
Angola
80.6%
Helena
80.5%
Indian
79.7%
Bosnia and Herzegovina
79.5%
Estonia
78.9%
Monaco
78.9%
Croatia
78.7%
Serbia
78.6%
Finland
78.3%
Lithuania
77.7%
San Marino
77.7%
Slovenia
77.7%
Latvia
77.5%
Topeka
77.2%
Asia
77.2%
Columbia
77.1%
Liechtenstein
76.7%
Olympia
76.6%
Hokkaido
76.1%
Kosovo
76.1%
Kuwait City
75.6%
Honshu
75.3%
Burundi
75.3%
Denmark
75.2%
Montenegro
74.5%
North Macedonia
74.1%
% Correct
Russia
74%
Southern
73.6%
Sweden
73.4%
Malta
73.2%
Nepal
73.2%
Darwin
73%
Bloemfontein
72.2%
Kyushu
71.7%
Bolivia
71.6%
Paraguay
71.5%
Northwest Territories
71%
Germany
70.6%
Poland
70.4%
St. Kitts and Nevis
69.9%
Shikoku
69.1%
Tuvalu
67.6%
Maldives
67.1%
Yukon
66.5%
Hobart
65%
Denali
64.2%
Marshall Islands
63.1%
Nauru
63.1%
Vinson Massif
62.6%
Aconcagua
60.9%
Nairobi
60%
Bishkek
59.5%
Puncak Jaya
59%
Elbrus
58.7%
Nunavut
54.8%
Nur-Sultan
53.2%
Pristina
51.8%
Tarawa
41.8%

You're not logged in!

Compare scores with friends on all Sporcle quizzes.
OR
Log In

Sporcle TV

Today on Sporcle TV


Watch our educational content, quiz creation guides, and fun videos on Sporcle TV.

Show Comments

Extras

Top Quizzes Today


Score Distribution

Your Account Isn't Verified!

In order to create a playlist on Sporcle, you need to verify the email address you used during registration. Go to your Sporcle Settings to finish the process.

Report this User

Report this user for behavior that violates our Community Guidelines.

Details: